000 00993cab a2200253 4500
001 ##L133529
008 060516n2006 000 0 eng u
035 _a(Sirsi) u133529
041 0 _aeng
100 1 _aCavanagh, Elaine
245 0 0 _aFocus 2
_bSomerset, Devon and Cornwall
260 _c2006
490 0 _aEstates Gazette
_v(0619) 13 May 2006, 125-141(11)
520 _aCovers inward investment in Weston-super-Mare and regeneration in Taunton. Reports on the Exeter office market, the convertion of former MOD dockyards in Plymouth into mixed use developments and brownfield redevelopment of car parks and former indjustrial sites in Cornwall. Reviews the success of the Cornish hotel and restaurant markets.
590 _aIKA230506
651 4 _aSOMERSET
651 4 _aDEVON
651 4 _aCORNWALL
690 _aPROPERTY-COMMERCIAL PROPERTY-COMMERCIAL PROPERTY MARKET
700 1 _aHalstead, Ian
700 1 _aTaylor, Andrew
700 1 _aShrimpton, David
942 _n0
999 _c77065
_d77065